00517nam a2200181 a 4500001001300000003000900013005001700022008004100039020002300080082001500103100002300118245007200141260004400213300000900257500003500266505001000301650002400311nice12345678IN_TiNIC20260116013710.0050524s1996 lona grp 000 0 eng  a0198670 c49500a181.4bCHA aChampakalakshmi, R aTradition, Dissent and Ideologyb Essays in Honour of Romila Thapar aLondan bOxford University Press c1996 a356p aincludes index and biblioraphy2 aIndex aPhilosophy-Hinduism